| 000 | 00879nam a2200277 i 4500 | ||
|---|---|---|---|
| 001 | 14705 | ||
| 003 | ES-MaACL | ||
| 005 | 20250912063033.0 | ||
| 007 | t| | ||
| 008 | 990525s1980 mx ||||1| spa d | ||
| 020 | _a968-16-0381-8 | ||
| 080 | _a929 Hellman, Lillian | ||
| 080 | _a32(73)"1945/53" | ||
| 100 | 1 |
_aHellman, Lillian. _962452 |
|
| 245 | 1 | 0 |
_aTiempo de canallas / _cLillian Hellman ; introducción de Garry Wills. |
| 250 | _a1ª ed. en español. | ||
| 260 |
_aMéxico : _bFondo de Cultura Económica, _c1980. |
||
| 300 |
_a160 p. ; _c17 cm. |
||
| 490 | 1 |
_aColección popular (Fondo de Cultura Económica) ; _v191 _9241328 |
|
| 600 | 1 | 4 |
_aHellman, Lillian. _962452 |
| 651 | 4 |
_aEstados Unidos- _xPolítica y gobierno- _y1945-1953 _98556 |
|
| 700 | 1 |
_aWills, Garry. _9116999 |
|
| 852 | 4 |
_aES-MaACL _jL-21862 |
|
| 942 | _2udc | ||
| 999 |
_c14705 _d14705 |
||